L'esbroufe; (Record no. 14753)

MARC details
000 -LEADER
fixed length control field 00498cam a22001931 4500
001 - CONTROL NUMBER
control field ca 14000112
003 - CONTROL NUMBER IDENTIFIER
control field DLC
005 - DATE AND TIME OF LATEST TRANSACTION
control field 20260227111059.0
008 - FIXED-LENGTH DATA ELEMENTS--GENERAL INFORMATION
fixed length control field 890329s1904 fr 000 0 fre
010 ## - LIBRARY OF CONGRESS CONTROL NUMBER
LC control number ca 14000112
035 ## - SYSTEM CONTROL NUMBER
System control number (OCoLC)23402703
040 ## - CATALOGING SOURCE
Original cataloging agency DLC
Transcribing agency MiU
Modifying agency DLC
042 ## - AUTHENTICATION CODE
Authentication code premarc
050 00 - LIBRARY OF CONGRESS CALL NUMBER
Classification number PQ2615.E7
Item number E7 1904
100 1# - MAIN ENTRY--PERSONAL NAME
Personal name Hermant, Abel,
Dates associated with a name 1862-1950.
245 12 - TITLE STATEMENT
Title L'esbroufe;
Remainder of title comédie en trois actes ...
260 ## - PUBLICATION, DISTRIBUTION, ETC.
Place of publication, distribution, etc. [Paris?]
Date of publication, distribution, etc. 1904.
300 ## - PHYSICAL DESCRIPTION
Extent 1 p.l., 91 p.
Dimensions 20 cm.

No items available.

Powered by Koha